000 01025cam a2200277 a 4500
001 000011621
005 20200929162515.0
008 860930s1984 sp af b 001 0 spa
020 _z8427606833
040 _aDO-SdBNP
_bspa
_cDLC
_dBNPHU
082 _a674.0946
_bS211m
100 1 _aSánchez Sanz, María Elisa,
_d1954-
_927501
245 1 0 _aMaderas tradicionales españolas /
_cMaría Elisa Sánchez Sanz ; prólogo, Francisco Burillo Mozota.
260 _aMadrid, (España) :
_bNacional,
_c1984.
300 _a220 p. :
_bil. ;
_c22 cm.
490 1 _aArtes del tiempo y del espacio
_v16
504 _aBibliografía: p. 219-220.
650 4 _aMadera
_xHistoria
_zEspaña
_927502
650 4 _aPropiedades de la madera
_927503
650 4 _aArte popular
_zEspaña
_xHistoria
_927504
650 4 _aTalla en madera
_zEspaña
_xHistoria
_ySIGLO XX
_927505
700 1 _aBurillo Mozota, Francisco
_epról.
_919261
830 0 _aArtes del tiempo y del espacio ;
_v16
_927462
910 _aCatalogación derivada/ LC
049 _aBNGR
999 _c11314
_d11314